000
00326nam a2200133Ia 4500
008
240624s9999 xx 000 0 und d
041
_a
eng
082
_a
920 MAR
100
_a
MARQUEZ GABRIEL GARCIA
245
_a
LIVING TO TELL THE TALE
260
_c
2004
_a
New Delhi
_b
Penguin Books
300
_a
483 : cm. ; 20
365
_c
RS
999
_c
2328
_d
2328